Marvel Animated: Fantastic Four World's Greatest Heros Quiz Stats

 Plays Quiz not verified by Sporcle

Support Sporcle.
Go Orange.
Score 0/31 Timer 06:00
0 Plays Today
Episode Character % Correct
Trial by FireHuman Torch
98.5%
Trial by FireThing
98%
Trial by FireMr. Fantastic
97.5%
Trial by FireInvisible Woman
96.5%
DoomedDr. Doom
92%
Imperius RexNamor
87.9%
Hard KnocksThe Hulk
86.9%
Imperius RexThe Mole Man
84.4%
My Neighbor Was a SkrullKl'rt
83.4%
Shell GamesIron Man
83.4%
Puppet MasterPuppet Master
81.9%
World's Tiniest HeroesAnt-Man
77.9%
DoomsdayAlicia Masters
76.4%
ImpossibleImpossible Man
75.4%
AnnihilationAnnihilus
74.9%
Trial by FireRonan the Accuser
72.4%
Episode Character % Correct
The CureShe-Hulk
67.3%
DoomedH.E.R.B.I.E.
66.3%
FrightfulTrapster
65.3%
FrightfulThe Wizard
63.8%
FrightfulDragon Man
63.3%
FrightfulKlaw
62.8%
Atlantis AttacksAttuma
60.8%
My Neighbor Was a SkrullWillie Lumpkin
57.3%
Trial by FireSupreme Intelligence
55.8%
Potion of FireDiablo
43.7%
Contest of ChampionsGrandmaster
35.7%
De-mole-itionGiganto
17.6%
Scavenger HuntTerminus
12.6%
DoomsdayCourtney Bonner-Davis
11.1%
Bait and SwitchLucius von Bardas
10.6%

You're not logged in!

Compare scores with friends on all Sporcle quizzes.
OR
Log In

From the Vault

Almost Useless Trivia IX

by frasty

We'll let you be the judge of just how useful this quiz can be.
Remove Ads.
Support Sporcle.
Get the best of Sporcle when you Go Orange. This ad-free experience offers more features, more stats, and more fun while also helping to support Sporcle. Thank you for becoming a member.

Show Comments

Extras

Top Quizzes Today


Score Distribution

Your Account Isn't Verified!

In order to create a playlist on Sporcle, you need to verify the email address you used during registration. Go to your Sporcle Settings to finish the process.

Report this User

Report this user for behavior that violates our Community Guidelines.

Details: